000 02098cam a22004697a 4500
001 1856
003 FISKH
005 20231005095554.0
008 121218s2012 nyuab j 000 1 eng d
010 _a 2011287965
020 _a9781402798061 (hardcover)
020 _a1402798067 (hardcover)
020 _a9781402798450 (ebook)
035 _a(OCoLC)ocn770070668
040 _aUPZ
_cUPZ
_dBTCTA
_dBDX
_dBKX
_dQBX
_dYDXCP
_dDLC
_beng
042 _alccopycat
050 0 0 _aPZ7.E8916
_bHom 2012
082 0 4 _a823.92
_223
100 1 _aEvans, Lissa.
245 1 0 _aHorten's miraculous mechanisms :
_bmagic, mystery & a very strange adventure /
_cby Lissa Evans.
260 _aNew York :
_bScholastic,
_c2012.
300 _a270 pages :
_billustrations ; map ;
_c19 cm.
500 _aMap on endpapers.
500 _a"Originally published in 2011 in Great Britain as Small change for Stuart"--T.p. verso.
505 _aT
520 _aAs if being small and having S. Horten as his name isn't bad enough, now 10-year-old Stuart is forced to move far away from all his friends. But on his very first day in his new home, Stuart's swept up in an extraordinary adventure: the quest to find his great-uncle Tony--a famous magician who literally disappeared off the face of the earth--and Tony's marvelous, long-lost workshop.
521 8 _a810
_bLexile
521 8 _aT
_bRaz-Plus
650 0 _aMissing persons
_vJuvenile fiction.
650 0 _aMagicians
_vJuvenile fiction.
650 1 _aMissing persons
_vFiction.
650 1 _aMagicians
_vFiction.
650 1 _aAdventure and adventurers
_vFiction.
650 1 _aMystery and detective stories.
650 1 _aFantasy.
655 0 _aFantasy fiction.
856 4 2 _3Contributor biographical information
_uhttp://www.loc.gov/catdir/enhancements/fy1306/2011287965-b.html
856 4 2 _3Publisher description
_uhttp://www.loc.gov/catdir/enhancements/fy1306/2011287965-d.html
906 _a7
_bcbc
_ccopycat
_d2
_encip
_f20
_gy-gencatlg
942 _2ddc
_cBK
_n0
999 _c1856
_d1856